Влияние основных конструктивных параметров на характеристику турбодвигателя и методика расчета геометрически подобных вентиляторов с пневматическим приводом; Всесоюзная научно-техническая конференция по шахтной вентиляции и вентиляторостроению

Manylion Llyfryddiaeth
Parent link:Всесоюзная научно-техническая конференция по шахтной вентиляции и вентиляторостроению.— 1959.— С. 149-151
Prif Awdur: Титов Б. М.
Iaith:Rwseg
Cyhoeddwyd: 1959
Pynciau:
Fformat: Pennod Llyfr
KOHA link:https://koha.lib.tpu.ru/cgi-bin/koha/opac-detail.pl?biblionumber=593296

MARC

LEADER 00000naa0a2200000 4500
001 593296
005 20250603153517.0
035 |a (RuTPU)RU\TPU\tpu\6433 
090 |a 593296 
100 |a 20011210d1959 k||y0rusy50 ca 
101 0 |a rus 
102 |a RU 
200 1 |a Влияние основных конструктивных параметров на характеристику турбодвигателя и методика расчета геометрически подобных вентиляторов с пневматическим приводом  |f Б. М. Титов 
463 |t Всесоюзная научно-техническая конференция по шахтной вентиляции и вентиляторостроению  |v С. 149-151  |o тезисы докладов  |d 1959 
610 1 |a горное дело 
610 1 |a труды учёных ТПУ 
700 1 |a Титов  |b Б. М. 
801 0 |a RU  |b 63413507  |c 20011210  |g PSBO 
801 2 |a RU  |b 63413507  |c 20081223  |g PSBO 
850 |a 63413507 
942 |c BK